000 01903nam0a2200385 4500
001 RU\NLR\BIBL_A\022214426
005 20240809182201.0
010 _a978-5-94760-567-9
_9500
021 _aRU
_bКН-П-24-018460
_9КН-П-24-1927
035 _a(NLR Aleph) 022214426
090 _a13082831
_c13082831
100 _a20240506d2023 k y0rusy50 ca
101 0 _arus
102 _aRU
105 _ay z 000zy
181 0 _ai
_baxxe
182 0 _an
200 1 _aСовременная художественная литература: опыт систематизации
_eмонография
_fР. Г. Круглов
_gМинистерство культуры Российской Федерации, Федеральное государственное бюджетное образовательное учрежджение высшего образования "Санкт-Петербургский государственный институт кино и телевидения"
203 _aТекст
_bвизуальный
_cнепосредственный
210 _aСанкт-Петербург
_cСПбГИКиТ
_d2023
215 _a200, [1] с.
_d20
320 _aБиблиогр. в конце кн. (265 назв.)
606 1 _aЗарубежная литература
_z20 - 21 вв.
_92620807
_3RU\NLR\AUTH\661557367
606 1 _aРусская советская литература
_9888281
_3RU\NLR\AUTH\66496
606 1 _aРусская литература
_z21 в.
_92412912
_3RU\NLR\AUTH\661437512
686 1 _aШ5(0)6-3,0
686 1 _aШ5(2=Р)8-3,0
686 2 _aШ5(2=Р)7-3,0
700 1 _aКруглов
_bР. Г.
_f1988-
_gРоман Геннадьевич
942 _cBOOK
980 _aNB